00448nam a2200181Ia 4500003000400000005001700004008004100021020001400062040000700076041000800083082001800091100002200109245004400131260003500175300001800210365001300228650002500241OSt20230503095852.0210423s2003 xx 000 0 und d a748408436 cAL aeng a543.089 VENR aVENN (Richard F). aPrinciples and practice of bioanalysis. aLondonbTaylor & Francisc2003 axviii,364bPB b495cINR aAnalytical Chemistry